Le top 11 des plus grands bateaux de croisières au monde - Statistiques

Statistiques générales
  • Ce quiz a été pris 23 fois
  • Le résultat moyen est 5 sur 11
Statistiques - réponses
Hint Réponse % Correct
Royal Caribbean International Harmony of the Seas
64%
Royal Caribbean International Icon of the Seas
64%
Royal Caribbean International Symphony of the Seas
64%
Royal Caribbean International Oasis of the Seas
50%
Royal Caribbean International Wonder of the Seas
50%
Royal Caribbean International Allure of the Seas
36%
Cunard Line Queen Mary 2
32%
Royal Caribbean International Ovation of the Seas
27%
Royal Caribbean International Odyssey of the seas
23%
Royal Caribbean International Quantum of the Seas
23%
Royal Caribbean International Spectrum of the Seas
23%
Aucun quiz correspondant
Distribution des résultats
% des personnes avec chaque résultat
Percentile par nombre de réponses
Votre historique - résultats
Vous n’avez pas pris ce quiz